One Piece : Les membres de l'équipage au chapeau de paille - Statistiques

Statistiques générales
  • Ce quiz a été pris 290 fois
    56 depuis la dernière actualisation
  • Le résultat moyen est 12 sur 12
Statistiques - réponses
Hint Réponse % Correct
Médecin Chopper
100%
Charpentier Franky
100%
Homme-poisson Jinbe
100%
Capitaine Luffy
100%
Navigatrice Nami
100%
Archéologue Robin
100%
Cuistot Sanji
100%
Bras droit Zorro
100%
Musicien Brook
98%
Navire Vogue Merry
98%
Navire Thousand Sunny
96%
Tireur d'élite Usopp
96%
Aucun quiz correspondant
Distribution des résultats
% des personnes avec chaque résultat
Percentile par nombre de réponses
Votre historique - résultats
Vous n’avez pas pris ce quiz depuis la dernière actualisation